[Event "BCF-chT2 1819 (4NCL) Demotion"]
[Site "England"]
[Date "2019.03.17"]
[Round "8.86"]
[White "Bak, Andrew"]
[Black "Varnam, Liam"]
[Result "1/2-1/2"]
[WhiteElo "1985"]
[BlackElo "2111"]
[PlyCount "91"]
[EventDate "2018.11.10"]
[EventType "team-tourn"]
[EventRounds "11"]
[EventCountry "ENG"]
[SourceTitle "EXT 2021"]
[Source "ChessBase"]
[SourceDate "2020.10.23"]
[SourceVersion "1"]
[SourceVersionDate "2020.10.23"]
[SourceQuality "1"]
[WhiteTeam "Bradford DCA Knights"]
[BlackTeam "Grantham Sharks II"]
[WhiteTeamCountry "ENG"]
[BlackTeamCountry "ENG"]

1. e4 c5 2. Nf3 Nc6 3. d4 cxd4 4. Nxd4 Nf6 5. Nc3 e5 6. Ndb5 d6 7. Bg5 a6 8. Na3 b5 9. Bxf6 gxf6 10. Nd5 f5 11. Bd3 Be6 12. Qh5 Rg8 13. g3 Rg5 14. Qxh7 Bxd5 15. exd5 Ne7 16. 0-0-0 e4 17. Be2 Qa5 18. Qh8 Rc8 19. Qd4 Rc5 20. Kb1 Nxd5 21. c4 b4 22. Qd2 Rg6 23. cxd5 Bh6 24. Qe1 bxa3 25. Qxa5 Rxa5 26. b4 Rb5 27. Bxb5+ axb5 28. Kc2 Bg7 29. Kb3 Bb2 30. Rhe1 Kd7 31. Rd2 Rg5 32. Ree2 Rh5 33. h4 Kd8 34. Rxb2 axb2 35. Kxb2 f4 36. Rxe4 fxg3 37. fxg3 Rxd5 38. g4 f5 39. Rf4 fxg4 40. Rxg4 Rd2+ 41. Kb3 Rd3+ 42. Kc2 Rh3 43. Rg5 Rh2+ 44. Kd3 Rh3+ 45. Ke2 Rxh4 46. Rxb5 1/2-1/2

[Event "Blackpool op 42nd"]
[Site "Blackpool"]
[Date "2018.03.09"]
[Round "1"]
[White "Bak, Andrew"]
[Black "Lund, D Brett"]
[Result "0-1"]
[WhiteElo "1996"]
[BlackElo "2243"]
[PlyCount "38"]
[EventDate "2018.03.09"]
[EventType "swiss"]
[EventRounds "5"]
[EventCountry "ENG"]
[SourceTitle "CBM 183 Extra"]
[Source "ChessBase"]
[SourceDate "2018.04.19"]
[SourceVersion "1"]
[SourceVersionDate "2018.04.19"]
[SourceQuality "1"]

1. d4 d6 2. e4 Nf6 3. Nc3 c6 4. f4 Qa5 5. Bd2 e5 6. Nf3 exd4 7. Nxd4 Qb6 8. Bc1 Be7 9. Bc4 0-0 10. Bb3 Na6 11. Be3 Nc5 12. Qf3 Qc7 13. a4 Re8 14. Bc4 Ncxe4 15. Nxe4 Nxe4 16. 0-0-0 d5 17. Bd3 Qa5 18. Bxe4 dxe4 19. Qxe4 Qxa4 0-1

[Event "BCF-chT2b 1617 (4NCL)"]
[Site "England"]
[Date "2017.03.04"]
[Round "7.52"]
[White "Bak, Andrew"]
[Black "Lund, D Brett"]
[Result "0-1"]
[WhiteElo "2041"]
[BlackElo "2287"]
[PlyCount "60"]
[EventDate "2016.11.19"]
[EventType "team-tourn"]
[EventRounds "11"]
[EventCountry "ENG"]
[SourceTitle "EXT 2019"]
[Source "ChessBase"]
[SourceDate "2018.10.10"]
[SourceVersion "1"]
[SourceVersionDate "2018.10.10"]
[SourceQuality "1"]
[WhiteTeam "Bradford DCA Knights"]
[BlackTeam "Spirit of Atticus"]
[WhiteTeamCountry "ENG"]
[BlackTeamCountry "ENG"]

1. e4 d6 2. Nc3 c6 3. f4 d5 4. Nf3 g6 5. exd5 cxd5 6. Bb5+ Nc6 7. Ne5 Bd7 8. Qe2 Nf6 9. g4 Bg7 10. g5 Nh5 11. Nxd5 0-0 12. Bxc6 bxc6 13. Nxd7 Qxd7 14. Ne3 Nxf4 15. Qg4 Qxg4 16. Nxg4 f5 17. gxf6 exf6 18. d3 Nd5 19. Bh6 Rfe8+ 20. Kd2 Bh8 21. Ne3 Nb6 22. Rae1 Re7 23. h4 Rae8 24. b3 f5 25. a4 Kf7 26. a5 Nd7 27. c3 Ne5 28. Rhf1 Ng4 29. Nxf5 gxf5 30. Rxf5+ Kg6 0-1

[Event "BCF-ch rapidplay 30th"]
[Site "Leeds"]
[Date "2016.11.12"]
[Round "1"]
[White "Bak, Andrew"]
[Black "Arkell, Keith C"]
[Result "0-1"]
[WhiteElo "2055"]
[BlackElo "2450"]
[PlyCount "102"]
[EventDate "2016.11.12"]
[EventType "swiss (rapid)"]
[EventRounds "11"]
[EventCountry "ENG"]
[SourceTitle "CBM 175 Extra"]
[Source "ChessBase"]
[SourceDate "2016.12.12"]
[SourceVersion "1"]
[SourceVersionDate "2016.12.12"]
[SourceQuality "1"]

1. d4 Nf6 2. Nf3 e6 3. c4 b6 4. g3 Ba6 5. Qa4 Bb7 6. Bg2 c5 7. 0-0 cxd4 8. Nxd4 Bxg2 9. Kxg2 Qc7 10. Nc3 Qb7+ 11. Kg1 Bc5 12. Rd1 Qc7 13. Kg2 Qb7+ 14. Kg1 a6 15. b4 Be7 16. a3 0-0 17. Nc2 Rc8 18. Ne3 b5 19. Qc2 bxc4 20. Rb1 d5 21. Ng2 Nc6 22. b5 Na5 23. a4 Nb3 24. Bf4 d4 25. bxa6 Qxa6 26. Nb5 Qxa4 27. Nxd4 Nxd4 28. Qxa4 Nxe2+ 29. Kf1 Nxg3+ 30. hxg3 Rxa4 31. Ne3 c3 32. Rdc1 Ne4 33. Ke2 g5 34. Be5 f6 35. f3 Ra2+ 36. Rc2 Rxc2+ 37. Nxc2 Nd2 38. Rb8 Rxb8 39. Bxb8 h5 40. Bc7 h4 41. gxh4 gxh4 42. Ba5 h3 43. Kf2 h2 44. Kg2 Nxf3 45. Bxc3 Kf7 46. Ne3 f5 47. Nd1 Bd6 48. Nf2 Nh4+ 49. Kh3 Ng6 50. Kg2 Ke7 51. Kf3 Kd7 0-1

[Event "Wakefield 4NCL op 10th"]
[Site "Wakefield"]
[Date "2016.09.09"]
[Round "1"]
[White "Horton, Andrew P"]
[Black "Bak, Andrew"]
[Result "1-0"]
[WhiteElo "2276"]
[BlackElo "2055"]
[PlyCount "71"]
[EventDate "2016.09.09"]
[EventType "swiss"]
[EventRounds "5"]
[EventCountry "ENG"]
[SourceTitle "CBM 174 Extra"]
[Source "ChessBase"]
[SourceDate "2016.10.10"]
[SourceVersion "1"]
[SourceVersionDate "2016.10.10"]
[SourceQuality "1"]

1. Nf3 Nf6 2. c4 g6 3. g3 Bg7 4. Bg2 0-0 5. 0-0 d6 6. Nc3 e5 7. d3 Nc6 8. Rb1 a5 9. a3 Ne7 10. b4 axb4 11. axb4 Nh5 12. Bb2 f5 13. Ra1 Rxa1 14. Qxa1 f4 15. Qa8 fxg3 16. hxg3 Nf6 17. b5 b6 18. Ra1 Bg4 19. Qxd8 Rxd8 20. Ra7 Rc8 21. Ng5 h6 22. Nge4 Nxe4 23. Bxe4 Kf8 24. Bb7 Rb8 25. f3 Be6 26. Ba6 c5 27. bxc6 Nxc6 28. Rc7 Nb4 29. Bb7 e4 30. Bxe4 Na2 31. Rxg7 Kxg7 32. Nxa2+ Kf7 33. Nc3 b5 34. Nxb5 Rxb5 35. cxb5 d5 36. b6 1-0

[Event "BCF-ch rapidplay 29th"]
[Site "Leeds"]
[Date "2015.11.01"]
[Round "10"]
[White "Fernandez, Daniel Howard"]
[Black "Bak, Andrew"]
[Result "1/2-1/2"]
[WhiteElo "2476"]
[BlackElo "2026"]
[PlyCount "126"]
[EventDate "2015.10.31"]
[EventType "swiss (rapid)"]
[EventRounds "11"]
[EventCountry "ENG"]
[SourceTitle "CBM 169 Extra"]
[Source "ChessBase"]
[SourceDate "2015.12.18"]
[SourceVersion "1"]
[SourceVersionDate "2015.12.18"]
[SourceQuality "1"]

1. d4 d5 2. Nf3 Nf6 3. c4 c6 4. Bg5 Ne4 5. Bf4 Qa5+ 6. Nbd2 Bf5 7. e3 e6 8. a3 Nd7 9. b4 Qd8 10. Nxe4 Bxe4 11. c5 Be7 12. Bd3 Nf6 13. 0-0 Bxd3 14. Qxd3 Nh5 15. b5 Nxf4 16. exf4 Qc7 17. g3 0-0 18. Rab1 b6 19. bxc6 Qxc6 20. Qa6 Qc8 21. Qxc8 Rfxc8 22. cxb6 axb6 23. Rxb6 Rxa3 24. Kg2 Ra7 25. Rfb1 Bf6 26. Rb8 Rac7 27. R1b7 g6 28. g4 Rxb7 29. Rxc8+ Kg7 30. g5 Be7 31. Kg3 Bd6 32. Rd8 Be7 33. Re8 Bd6 34. Rd8 Be7 35. Rc8 Bd6 36. Rc6 Bb8 37. h4 h6 38. gxh6+ Kxh6 39. Kg4 Kg7 40. Rc8 Bd6 41. Rc1 Bb8 42. Rh1 Ba7 43. h5 gxh5+ 44. Kxh5 Rb4 45. Rd1 Rb2 46. Rg1+ Kf6 47. Ra1 Bb8 48. Ne5 Bxe5 49. fxe5+ Kf5 50. Ra7 Ke4 51. Rxf7 Kxd4 52. f4 Ke4 53. Kg5 d4 54. Rd7 Rb5 55. Kf6 Rd5 56. Rxd5 Kxd5 57. f5 d3 58. fxe6 d2 59. e7 d1Q 60. e8Q Qf3+ 61. Kg5 Qg3+ 62. Kf5 Qf3+ 63. Kg5 Qg3+ 1/2-1/2

[Event "BCF-ch rapidplay 29th"]
[Site "Leeds"]
[Date "2015.10.31"]
[Round "1"]
[White "Bak, Andrew"]
[Black "Ansell, Simon"]
[Result "1/2-1/2"]
[WhiteElo "2026"]
[BlackElo "2360"]
[PlyCount "74"]
[EventDate "2015.10.31"]
[EventType "swiss (rapid)"]
[EventRounds "11"]
[EventCountry "ENG"]
[SourceTitle "CBM 169 Extra"]
[Source "ChessBase"]
[SourceDate "2015.12.18"]
[SourceVersion "1"]
[SourceVersionDate "2015.12.18"]
[SourceQuality "1"]

1. e4 c5 2. Nf3 Nc6 3. d4 cxd4 4. Nxd4 e5 5. Nb5 d6 6. N5c3 Be7 7. Nd5 Nf6 8. Nbc3 0-0 9. Nxe7+ Qxe7 10. Bg5 Be6 11. Nd5 Bxd5 12. exd5 Nb4 13. Bxf6 Qxf6 14. c3 Na6 15. Bxa6 bxa6 16. 0-0 Rab8 17. b3 e4 18. c4 Rfe8 19. Qd2 Qe5 20. Rad1 f5 21. Qd4 Qxd4 22. Rxd4 a5 23. Rc1 Rec8 24. Rc3 a4 25. f3 exf3 26. Rxf3 g6 27. g4 fxg4 28. Rxg4 axb3 29. axb3 Rf8 30. Rgg3 a5 31. Rxf8+ Kxf8 32. Rc3 Ke7 33. Re3+ Kd7 34. Rf3 Ke7 35. Re3+ Kd7 36. Rf3 Ke7 37. Re3+ Kd7 1/2-1/2

[Event "Wakefield 4NCL op 2nd"]
[Site "Wakefield"]
[Date "2015.04.17"]
[Round "1"]
[White "Buttell, David"]
[Black "Bak, Andrew"]
[Result "0-1"]
[WhiteElo "1797"]
[BlackElo "2050"]
[PlyCount "60"]
[EventDate "2015.04.17"]
[EventType "swiss"]
[EventRounds "5"]
[EventCountry "ENG"]
[SourceTitle "CBM 166 Extra"]
[Source "ChessBase"]
[SourceDate "2015.06.18"]
[SourceVersion "1"]
[SourceVersionDate "2015.06.18"]
[SourceQuality "1"]

1. d4 d5 2. c4 c6 3. Nf3 Nf6 4. Nc3 e6 5. cxd5 exd5 6. Bg5 Be7 7. Qc2 0-0 8. e3 Ne4 9. Bf4 Qa5 10. Bd3 Bb4 11. Bxe4 dxe4 12. Nd2 f5 13. 0-0 Be6 14. a3 Be7 15. b4 Qd8 16. f3 exf3 17. Rxf3 Nd7 18. Raf1 Nb6 19. Be5 Bd6 20. Bxd6 Qxd6 21. Na4 Nxa4 22. Qxa4 Qd5 23. Qc2 a5 24. Kh1 axb4 25. e4 fxe4 26. Rxf8+ Rxf8 27. Rxf8+ Kxf8 28. axb4 Qxd4 29. h3 Qxb4 30. Nxe4 Bf5 0-1

[Event "Blackpool op 39th"]
[Site "Blackpool"]
[Date "2015.03.08"]
[Round "4"]
[White "Bak, Andrew"]
[Black "Armstrong, Malcolm J"]
[Result "1/2-1/2"]
[WhiteElo "2051"]
[BlackElo "2096"]
[PlyCount "66"]
[EventDate "2015.03.06"]
[EventType "swiss"]
[EventRounds "5"]
[EventCountry "ENG"]
[SourceTitle "CBM 165 Extra"]
[Source "ChessBase"]
[SourceDate "2015.04.21"]
[SourceVersion "1"]
[SourceVersionDate "2015.04.21"]
[SourceQuality "1"]

1. e4 c6 2. d4 d5 3. e5 c5 4. c4 cxd4 5. Qxd4 Be6 6. cxd5 Qxd5 7. Qxd5 Bxd5 8. Nc3 Bc6 9. Nge2 e6 10. Nd4 Bb4 11. Bd2 a6 12. Nxc6 Nxc6 13. f4 Nh6 14. 0-0-0 0-0-0 15. Ne4 Bxd2+ 16. Rxd2 Rxd2 17. Kxd2 Rd8+ 18. Nd6+ Kc7 19. Bd3 f6 20. Rc1 fxe5 21. fxe5 Ng4 22. Nf7 Rf8 23. Ng5 Rf2+ 24. Kc3 Ngxe5 25. Bxh7 Rxg2 26. Nxe6+ Kd6 27. Be4 Rg4 28. Bxc6 Nxc6 29. Re1 Ne5 30. Nd8 Rc4+ 31. Kb3 Rc7 32. Rd1+ Ke7 33. Re1 Kxd8 1/2-1/2

[Event "Scarborough op"]
[Site "Scarborough"]
[Date "2014.10.25"]
[Round "4"]
[White "Walker, David John"]
[Black "Bak, Andrew"]
[Result "1-0"]
[WhiteElo "2285"]
[BlackElo "2050"]
[PlyCount "72"]
[EventDate "2014.10.23"]
[EventType "swiss"]
[EventRounds "5"]
[EventCountry "ENG"]
[SourceTitle "EXT 2015"]
[Source "ChessBase"]
[SourceDate "2014.11.20"]
[SourceVersion "1"]
[SourceVersionDate "2014.11.20"]
[SourceQuality "1"]

1. c4 Nf6 2. g3 g6 3. Bg2 Bg7 4. Nc3 0-0 5. e4 d6 6. Nge2 e5 7. 0-0 Nc6 8. d3 a6 9. h3 Rb8 10. Be3 b5 11. Qd2 bxc4 12. dxc4 Be6 13. b3 Qd7 14. Kh2 Ne7 15. Rad1 Rbd8 16. f4 Ne8 17. Nd5 f5 18. fxe5 Bxe5 19. Nd4 Bxd5 20. exd5 Ra8 21. Bf4 Bxf4 22. Qxf4 Ng7 23. Rde1 Rae8 24. Qd2 Kh8 25. Qc3 Ng8 26. Ne6 Rf7 27. Nxg7 Rxg7 28. Rxe8 Qxe8 29. Re1 Ne7 30. c5 Kg8 31. cxd6 cxd6 32. Re6 Qd8 33. Qf6 Rf7 34. Rxd6 Rxf6 35. Rxd8+ Kf7 36. d6 Ng8 1-0